| 000 | 00885nam0a22002651 4500 | ||
|---|---|---|---|
| 001 | RU\NLR\INFOCOMM_253\5000014312 | ||
| 005 | 20250613093122.0 | ||
| 035 | _a(NLR Aleph) 009190538 | ||
| 090 |
_a8627604 _c8627604 |
||
| 100 | _a20100402d1968 |||y0rusy50 ca | ||
| 101 | 0 | _aeng | |
| 102 | _aRU | ||
| 105 | _ay ||||000|y | ||
| 200 | 1 |
_aSome property of quantum fields as operatorvalued distributions _fS. G. Kharatian |
|
| 210 |
_aДубна _d1968 |
||
| 215 |
_a9 с. _d22 см |
||
| 225 | 1 |
_a[Издания] _fОбъедин. ин-т ядерных исследований; Лаборатория теорет. физики _vЕ2-4166 |
|
| 320 | _aБиблиогр.: с. 9 | ||
| 700 | 1 |
_9z03790 _aCharatjan _bS. G. _4070 |
|
| 790 | 1 |
_9z03700 _aKharatian _bS. G. _4070 |
|
| 801 | 1 |
_aRU _bNLR _c20100402 |
|
| 801 | 0 |
_aRU _bNLR _gPSBO |
|
| 852 |
_aNLR _jP11/3130 |
||
| 942 | _cBOOK | ||
| 980 | _aNB | ||